[Event "Galicia-ch"]
[Site "Padron"]
[Date "2021.04.03"]
[Round "5"]
[White "Del Prado Rodriguez, Xulio"]
[Black "Mendez Rial, Jorge"]
[Result "1-0"]
[WhiteElo "2132"]
[BlackElo "1729"]
[PlyCount "79"]
[EventDate "2021.04.01"]
[EventType "swiss"]
[EventRounds "8"]
[EventCountry "ESP"]
[SourceTitle "CBM 201 Extra"]
[Source "ChessBase"]
[SourceDate "2021.05.31"]
[SourceVersion "1"]
[SourceVersionDate "2021.05.31"]
[SourceQuality "1"]

1. d4 d5 2. c4 e6 3. Nf3 Nf6 4. g3 Be7 5. Bg2 0-0 6. Nc3 dxc4 7. Ne5 Nc6 8. Bxc6 bxc6 9. Nxc6 Qe8 10. Nxe7+ Qxe7 11. Qa4 e5 12. dxe5 Qxe5 13. Bf4 Qc5 14. Be3 Qh5 15. Qxc4 Bb7 16. Rf1 Rad8 17. Qb5 Bd5 18. 0-0-0 Rb8 19. Qc5 c6 20. Bf4 Rb7 21. e4 Be6 22. Qxh5 Nxh5 23. Bd6 Rd8 24. Bc5 Rdb8 25. b3 Nf6 26. f3 a5 27. Rd6 Rc8 28. Rfd1 Rd7 29. Bb6 Ra8 30. Rxc6 Rxd1+ 31. Kxd1 Ra6 32. Rd6 Nd7 33. Bc5 Ra8 34. Bd4 Kf8 35. Nd5 a4 36. Nc7 Rb8 37. Nxe6+ Ke7 38. Ra6 axb3 39. Nc5 Rb4 40. Nxb3 1-0

[Event "Galicia-ch U18"]
[Site "Padron"]
[Date "2020.02.24"]
[Round "6"]
[White "Mendez Rial, Jorge"]
[Black "Quintas Fernandez, Marta"]
[Result "1/2-1/2"]
[WhiteElo "1765"]
[BlackElo "1725"]
[PlyCount "59"]
[EventDate "2020.02.22"]
[EventType "swiss"]
[EventRounds "8"]
[EventCountry "ESP"]
[SourceTitle "EXT 2023"]
[Source "ChessBase"]
[SourceDate "2022.10.05"]
[SourceVersion "1"]
[SourceVersionDate "2022.10.05"]
[SourceQuality "1"]

1. e4 e5 2. Nf3 Nc6 3. Bc4 Bc5 4. c3 Nf6 5. d3 d6 6. 0-0 0-0 7. Nbd2 a6 8. b4 Ba7 9. a4 Ne7 10. Nh4 d5 11. Bb3 Ng6 12. Nxg6 hxg6 13. Bb2 dxe4 14. Nxe4 Nxe4 15. dxe4 Qh4 16. Qc2 Qg5 17. Kh1 Rd8 18. Bc1 Qf6 19. Be3 Be6 20. Bxa7 Rxa7 21. Bxe6 Qxe6 22. Rad1 Raa8 23. Rd3 Qc6 24. a5 Qc4 25. Rfd1 Rxd3 26. Qxd3 Qc6 27. f3 Re8 28. Qd7 Re6 29. Qd8+ Re8 30. Qd7 1/2-1/2